Ends in "-ight" - Statistics

General Stats
  • This quiz has been taken 54 times
  • The average score is 22 of 30
Answer Stats
Hint Answer % Correct
More than seven, but less than nine Eight
100%
The measure of your tallness Height
100%
Not heavy, or, not dark Light
100%
That's correct. It's not Left. Right
100%
A verbal disagreement, or perhaps even fisticuffs Fight
98%
One of the Five Senses Sight
98%
The measure of your heaviness Weight
98%
Not loose Tight
96%
Technology that was patented by Wilbur and Orville Flight
89%
Old time warrior who wore armor, rode steeds and slew dragons Knight
89%
Wilbur, or his kid brother Orville Wright
89%
When the Sun is on the opposite side of your planet Night
87%
"Could," "may," "possibly," or a show of physical power Might
85%
A feeling of shock or fear Fright
83%
What most quiz solvers tend to be Bright
77%
A cargo, the type of train that carries it, or the fee charged for carrying it Freight
77%
A term that "okay" could be slang for Alright
74%
A professional dramatist, like Shakespeare or Arthur Miller Playwright
72%
A small amount (as in "chance of rain") or a perceived insult Slight
72%
A disease or fungus that attacks your crops Blight
62%
Popular vacation island off the English coast ("If it's not too dear...") Isle of Wight
62%
"Dude, you need to chill out. You're way too _______!" Uptight
55%
In a vertical position, or to be honest, moral or just Upright
53%
To step down from a bus or train Alight
51%
Regional slang for "okay" based on the answer above (US/UK/Canada) Aight
49%
Something that gives great pleasure, or the great pleasure that it gives Delight
45%
A predicament or sticky situation Plight
32%
A professional wagon/waggon maker Cartwright or Wainwright
28%
A professional boat builder Shipwright
26%
A professional who keeps your wagon from draggin' Wheelwright
13%
No matching quizzes found
Score Distribution
Percent of People with Each Score
Percentile by Number Answered
Your Score History
You have not taken this quiz